Anime les mieux notés (top 30) - Statistiques

Statistiques générales
  • Ce quiz a été pris 67 fois
  • Le résultat moyen est 3 sur 30
Statistiques - réponses
Note anime % Correct
9.05 Shingeki no Kyojin
80%
8.99 Bleach
37%
9.10 Fullmetal Alchemist
37%
9.03 Hunter x Hunter
24%
8.77 Haikyuu
20%
8.91 Code Geass
17%
8.83 Kimi no Na wa
17%
9.05 Gintama
15%
8.81 Vinland saga
15%
8.78 Mob psycho 100
9%
9.07 Steins;Gate
9%
8.89 Monster
7%
8.95 Fruits basket
6%
8.93 Koe no Katachi
6%
8.98 Love is war
6%
8.77 Sen to Chihiro no Kamikakushi
6%
9.30 Sousou no Frieren
6%
8.84 Violet Evergarden
6%
8.75 Bocchi the Rock!
4%
8.93 clannad
4%
8.78 Hajime no ippo
4%
8.88 Kusuriya no Hitorigoto
4%
8.78 Kizu monogatari
2%
8.76 Monogatari series
2%
8.90 3-gatsu no Lion
0%
8.75 Ashita no Joe
0%
9.01 Ginga Eiyuu Densetsu
0%
8.75 Jujustu Kaisen
0%
8.83 Kingdom
0%
8.86 Owari monogatari
0%
Aucun quiz correspondant
Distribution des résultats
% des personnes avec chaque résultat
Percentile par nombre de réponses
Votre historique - résultats
Vous n’avez pas pris ce quiz